Catálogo
 En Linea

Política agraria en Espana, 1920-1970. / (Registro nro. 13185)

Detalles MARC
000 -CABECERA
campo de control de longitud fija 00991cam a2200289 a 4500
001 - NÚMERO DE CONTROL
campo de control 000013563
003 - IDENTIFICADOR DEL NÚMERO DE CONTROL
campo de control DO-SdBNP
005 - FECHA Y HORA DE LA ÚLTIMA TRANSACCIÓN
campo de control 20250421100024.0
008 - DATOS DE LONGITUD FIJA--INFORMACIÓN GENERAL
campo de control de longitud fija 771214s1970 sp d 000 0 spa
010 ## - NÚMERO DE CONTROL DE LA BIBLIOTECA DEL CONGRESO
Número de control de LC 75269099
040 ## - FUENTE DE LA CATALOGACIÓN
Centro catalogador/agencia de origen DO-SdBNP
Centro/agencia transcriptor spa
Centro/agencia modificador BNPHU
043 ## - CÓDIGO DE ÁREA GEOGRÁFICA
Código de área geográfica e-sp---
049 ## - FONDOS LOCALES (OCLC)
Fondos de biblioteca BNPD
082 ## - NÚMERO DE LA CLASIFICACIÓN DECIMAL DEWEY
Número de clasificación 338.1846
Número de documento/Ítem L864p
100 1# - ENTRADA PRINCIPAL--NOMBRE DE PERSONA
Nombre de persona López de Sebastian, José.
Fechas asociadas al nombre 1937-
9 (RLIN) 30919
245 10 - MENCIÓN DE TÍTULO
Título Política agraria en Espana, 1920-1970. /
Mención de responsabilidad, etc. José López.
260 ## - PUBLICACIÓN, DISTRIBUCIÓN, ETC.
Lugar de publicación, distribución, etc. [Madrid] :
Nombre del editor, distribuidor, etc. Guadiana de Publicaciones,
Fecha de publicación, distribución, etc. [1970].
300 ## - DESCRIPCIÓN FÍSICA
Extensión 448 p. :
Otras características físicas gráf. ;
Dimensiones 26 cm.
490 1# - MENCIÓN DE SERIE
Mención de serie Biblioteca universitaria de economía
500 ## - NOTA GENERAL
Nota general Incluye datos biográficos del autor en la contraportada.
500 ## - NOTA GENERAL
Nota general Incluye notas al pie de las páginas.
650 #0 - PUNTO DE ACCESO ADICIONAL DE MATERIA--TÉRMINO DE MATERIA
Término de materia o nombre geográfico como elemento de entrada Agricultura y estado
Subdivisión geográfica España
9 (RLIN) 36241
650 #4 - PUNTO DE ACCESO ADICIONAL DE MATERIA--TÉRMINO DE MATERIA
Término de materia o nombre geográfico como elemento de entrada Agricultura
Subdivisión general Aspectos económicos
Subdivisión geográfica España
9 (RLIN) 30921
830 #0 - PUNTO DE ACCESO ADICIONAL DE SERIE-TÍTULO UNIFORME
Título uniforme Biblioteca universitaria de economía;
9 (RLIN) 30922
910 ## - DATOS DE OPCIÓN DEL USUARIO (OCLC)
Datos de opción del usuario Catalogación por copia / LC
942 ## - ELEMENTOS DE PUNTO DE ACCESO ADICIONAL (KOHA)
Fuente del sistema de clasificación o colocación Dewey Decimal Classification
Tipo de ítem Koha Libro
Existencias
Estado de retiro Estado de pérdida Restricciones de uso No para préstamo Código de colección Localización permanente Ubicación/localización actual Ubicación en estantería Fecha de adquisición Número de inventario Total de préstamos Signatura topográfica completa Código de barras Fecha visto por última vez Precio válido a partir de Tipo de ítem Koha
    Préstamo interno   Monografías: Libros y Folletos General General En catalogación 25.11.2009 LF1   338.1846 L864p 13563-10 25.06.2020 25.06.2020 Préstamo interno

Con tecnología Koha